Contrastes sobre lo justo: debates en justicia comunitaria

Kaydedildi:
Detaylı Bibliyografya
Müşterek Yazar: Instituto Popular de Capacitación
Materyal Türü: Bilinmiyor
Baskı/Yayın Bilgisi: Medellín: IPC
Konular:
Etiketler: Etiketle
Etiket eklenmemiş, İlk siz ekleyin!

MARC

LEADER 00000 a2200000 04500
001 29693
003
008 991231s d
040
090 |a 193102  
110 |a Instituto Popular de Capacitación  
245 |a Contrastes sobre lo justo: debates en justicia comunitaria  
260 |a Medellín:   |b IPC  
650 |a CONFLICTOS ETNICOS  
650 |a ASPECTOS JURIDICOS  
650 |a PLURALISMO CULTURAL  
650 |a POBLACION INDIGENA  
650 |a REPRESENTACION SOCIAL  
650 |a ETICA  
650 |a COLOMBIA  
999 |c 12717  |d 12717